000 00565nam a2200181Ia 4500
008 151202s9999||||xx |||||||||||||| ||und||
082 _bPNVM-45520
100 _aकान्हेरे अंजली.
245 _aकाव्यवेध.
260 _bसुविद्या प्रकाशन.
260 _c2004
300 _a152
600 _aकान्हेरे अंजली.
630 _aकाव्यवेध.
700 _aकान्हेरे अंजली.
730 _aकाव्यवेध.
942 _cBOOK
999 _c1311471
_d1311468